[Event "Penang op 15th"]
[Site "Penang"]
[Date "2023.12.20"]
[Round "5"]
[White "Cao, Ziruo"]
[Black "Rajendran, Kartikeyan"]
[Result "0-1"]
[WhiteElo "1480"]
[BlackElo "1429"]
[PlyCount "54"]
[EventDate "2023.12.18"]
[EventType "swiss"]
[EventRounds "9"]
[EventCountry "MAS"]
[SourceTitle "CB52_2023"]
[SourceDate "2023.12.27"]
[SourceVersion "1"]
[SourceVersionDate "2023.12.27"]
[SourceQuality "1"]

1. e4 e5 2. Nf3 Nf6 3. Nxe5 d6 4. Nf3 Nxe4 5. d4 d5 6. Bd3 Bd6 7. 0-0 0-0 8. Re1 Re8 9. Be3 Bg4 10. Be2 f5 11. Qc1 Nd7 12. Bf4 Qf6 13. Bxd6 Qxd6 14. Nbd2 c5 15. c3 Re7 16. dxc5 Ndxc5 17. Nd4 Qg6 18. N2f3 Bxf3 19. Nxf3 a6 20. c4 Qb6 21. Rd1 Rae8 22. cxd5 Nxf2 23. Bc4 Ncd3 24. d6+ Kh8 25. Qc3 Nh3+ 26. Kh1 Qg1+ 27. Nxg1 Nhf2# 0-1